Les Politocrates (Record no. 10337)

MARC details
000 -LEADER
campo de control de longitud fija 00780nam a2200253 i 4500
001 - NÚMERO DE CONTROL
campo de control 10337
003 - IDENTIFICADOR DE NÚMERO DE CONTROL
campo de control ES-MaACL
005 - FECHA Y HORA DE LA ÚLTIMA TRANSACCIÓN
campo de control 20230906145852.0
007 - CAMPO FIJO DE DESCRIPCIÓN FÍSICA--INFORMACIÓN GENERAL
campo de control de longitud fija t|
008 - DATOS DE LONGITUD FIJA--INFORMACIÓN GENERAL
campo de control de longitud fija 950508s1993 fr ||||1| fre d
020 ## - NÚMERO INTERNACIONAL ESTÁNDAR DEL LIBRO
Número Internacional Estándar del Libro 2-02-015170-7
080 ## - NÚMERO DE LA CLASIFICACIÓN DECIMAL UNIVERSAL
Número de la Clasificación Decimal Universal 32(44)"19"
080 ## - NÚMERO DE LA CLASIFICACIÓN DECIMAL UNIVERSAL
Número de la Clasificación Decimal Universal 92:32(44)"19"
100 1# - ENTRADA PRINCIPAL--NOMBRE DE PERSONA
Nombre de persona Bazin, François.
9 (RLIN) 26748
245 14 - MENCIÓN DEL TÍTULO
Título Les Politocrates
Resto del título : vie, moeurs et coutumes de la classe politique /
Mención de responsabilidad, etc. François Bazin, Joseph Macé-Scaron.
260 ## - PUBLICACIÓN, DISTRIBUCIÓN, ETC.
Lugar de publicación, distribución, etc. Paris :
Nombre del editor, distribuidor, etc. Seuil,
Fecha de publicación, distribución, etc. cop. 1993.
300 ## - DESCRIPCIÓN FÍSICA
Extensión 321 p. ;
Dimensiones 24 cm.
490 1# - MENCIÓN DE SERIE
Mención de serie L'épreuve des faits
650 14 - PUNTO DE ACCESO ADICIONAL DE MATERIA--TÉRMINO DE MATERIA
Término de materia o nombre geográfico como elemento de entrada Políticos franceses-
Subdivisión cronológica S.XX.
9 (RLIN) 16316
700 1# - ENTRADA AGREGADA--NOMBRE PERSONAL
Nombre de persona Macé-Scaron, Joseph.
9 (RLIN) 75133
830 0# - PUNTO DE ACCESO ADICIONAL DE SERIE-TÍTULO UNIFORME
Título uniforme L'épreuve des faits
9 (RLIN) 178671
852 ## - LOCALIZACIÓN
Ubicación ES-MaACL
Número de control de estantería L-17807
Sublocalización o colección R.123026
Holdings
Estatus retirado Estado de pérdida Estado de daño No para préstamo Biblioteca de origen Biblioteca actual Ubicación en estantería Fecha de adquisición Fuente de adquisición Total de préstamos Signatura topográfica completa Código de barras Visto por última vez Precio de reemplazo Tipo de ítem Koha
        Biblioteca del Ateneo de Madrid Biblioteca del Ateneo de Madrid Depósito 2 17/01/2008     L-17807 1010547 23/02/2023 23/02/2023 Libro impreso